[Event "FRA-chT U20"]
[Site "Pau"]
[Date "2005.12.18"]
[Round "4"]
[White "Phan, Nicolas"]
[Black "Soulagnet, Damien"]
[Result "1-0"]
[WhiteElo "1320"]
[BlackElo "1009"]
[PlyCount "49"]
[EventDate "2005.12.??"]
[EventType "team"]
[EventRounds "11"]
[EventCountry "FRA"]
[SourceTitle "EXT 2007"]
[Source "ChessBase"]
[SourceDate "2006.11.23"]
[SourceVersion "1"]
[SourceVersionDate "2006.11.23"]
[SourceQuality "1"]

1. e4 e5 2. Nf3 Nc6 3. Nc3 Nf6 4. Bb5 Bc5 5. Nxe5 Nxe5 6. d4 c6 7. dxe5 cxb5 8. exf6 Qxf6 9. 0-0 0-0 10. Nxb5 d6 11. Nc7 Rb8 12. Nd5 Qe5 13. Bf4 Qxe4 14. Re1 Qf5 15. Ne7+ Kh8 16. Nxf5 Bxf5 17. Bxd6 Rbd8 18. Re5 Rxd6 19. Qf3 Bd4 20. Rxf5 Bxb2 21. Rxf7 Rxf7 22. Qxf7 Rd8 23. Re1 h6 24. Re8+ Rxe8 25. Qxe8+ 1-0

[Event "FRA-chT U20 0506"]
[Site "France"]
[Date "2005.11.13"]
[Round "3.10"]
[White "Rigolot, Lucie"]
[Black "Phan, Nicolas"]
[Result "1-0"]
[WhiteElo "1620"]
[BlackElo "1320"]
[PlyCount "41"]
[EventDate "2005.11.12"]
[EventType "team"]
[EventRounds "3"]
[EventCountry "FRA"]
[SourceTitle "CBM 109 Extra"]
[Source "ChessBase"]
[SourceDate "2006.01.03"]
[SourceVersion "2"]
[SourceVersionDate "2006.01.03"]
[SourceQuality "1"]

1. e4 e5 2. Nf3 Nc6 3. Bb5 a6 4. Ba4 Nf6 5. d4 Nxe4 6. dxe5 Bc5 7. 0-0 0-0 8. Qe2 d5 9. Nbd2 Bf5 10. Nxe4 Bxe4 11. Bxc6 bxc6 12. Ng5 Bf5 13. c3 Re8 14. b4 Bd6 15. Bf4 f6 16. Nf3 Bg4 17. Qd3 fxe5 18. Ng5 exf4 19. Qxh7+ Kf8 20. Qh8+ Ke7 21. Qxg7# 1-0

[Event "FRA-chT U20 0506"]
[Site "France"]
[Date "2005.11.13"]
[Round "2.7"]
[White "Triboulin, Amaury"]
[Black "Phan, Nicolas"]
[Result "0-1"]
[WhiteElo "1290"]
[BlackElo "1320"]
[PlyCount "64"]
[EventDate "2005.11.12"]
[EventType "team"]
[EventRounds "3"]
[EventCountry "FRA"]
[SourceTitle "CBM 109 Extra"]
[Source "ChessBase"]
[SourceDate "2006.01.03"]
[SourceVersion "2"]
[SourceVersionDate "2006.01.03"]
[SourceQuality "1"]

1. e4 e5 2. Nf3 Nc6 3. Nc3 Nf6 4. Bb5 d6 5. d3 Bg4 6. Bg5 Be7 7. 0-0 0-0 8. h3 Bh5 9. Qe2 Nd4 10. Qd2 Bxf3 11. Bc4 Nd7 12. Be3 Bh5 13. Bxd4 exd4 14. Nd5 Bg5 15. Qe1 Ne5 16. Bb3 c6 17. Nb4 a5 18. a3 axb4 19. Qxb4 c5 20. Qxb7 Rb8 21. Qa6 Rb6 22. Qa4 Qf6 23. Qa7 Rbb8 24. Rfe1 Bh4 25. Rf1 Be2 26. Rfc1 Qxf2+ 27. Kh1 Nf3 28. Bxf7+ Kh8 29. Bh5 Rbd8 30. Rf1 Bxf1 31. Bxf3 Rxf3 32. Qc7 Qxg2# 0-1

[Event "FRA-chT U20 0506"]
[Site "France"]
[Date "2005.11.12"]
[Round "1.7"]
[White "Pouillart, Cecile"]
[Black "Phan, Nicolas"]
[Result "1-0"]
[WhiteElo "1390"]
[BlackElo "1320"]
[PlyCount "41"]
[EventDate "2005.11.12"]
[EventType "team"]
[EventRounds "3"]
[EventCountry "FRA"]
[SourceTitle "CBM 109 Extra"]
[Source "ChessBase"]
[SourceDate "2006.01.03"]
[SourceVersion "2"]
[SourceVersionDate "2006.01.03"]
[SourceQuality "1"]

1. e4 e5 2. Nf3 Nc6 3. d4 exd4 4. Nxd4 Bc5 5. Be3 Qf6 6. Nb5 Bd6 7. Nxd6+ cxd6 8. Nc3 Nge7 9. Qd2 0-0 10. 0-0-0 Qe5 11. Qxd6 Qa5 12. Bc4 Rd8 13. Qf4 Rf8 14. h4 Ng6 15. Qd6 Nge5 16. Bb3 b5 17. Bc5 Ba6 18. Nd5 Rfe8 19. Nc7 Re6 20. Bxe6 dxe6 21. Nxa8 1-0